MDQL
is popping MORE tags! Check the
thread
!
Quizzes
Events
Quiz Creation
Community
Videos
Private Events
Remove Ads
Sign In
Join for FREE
Feedback
Dark Mode
Quiz Categories
Sports
Geography
Music
Movies
Television
Just For Fun
Miscellaneous
History
Literature
Language
Science
Gaming
Entertainment
Religion
Holiday
For Kids
Quiz Lab
Recent
Popular Today
Quiz Kudos Today
Editor Picks
Curator Picks
Quizzes by...
Day
Popularity
Type
Ratings
Length
Year
Community
Subscriptions
Recent Discussions
Orange Saloon
Badges
Playlists
Quests
Create
Leaderboards
Showdown
Live 5
Trivia Bingo
Activity
Puzzle Library
Sporcle Events
Private Events
Virtual Trivia
Globe League
Become a Host
Pub Owners
SporcleCon
Opinionation
Our Games
Videos
Blog
Mobile Apps
Partnerships
Remove Ads and Go Orange
Feedback
Geography
Country
Landmarks
City
State
Population
World
Capital
Continent
Flags
Europe
Africa
Asia
South America
North America
Oceania
Border
Canada
United Kingdom
Topography
United States
Geography
Country
Landmarks
City
State
Population
World
Capital
Continent
Flags
Europe
Africa
Asia
South America
North America
Oceania
Border
Canada
United Kingdom
Topography
United States
Random Quiz
Search Sporcle
×
Quiz Lab
Quiz Lab
Geography
NJ Municipalities
Type in answers that appear in a list
Type in answers that appear in a list
Classic
Best Score? Go Orange.
Municipalities of NJ: Gloucester County Stats
Can you name the Municipalities of Gloucester County, New Jersey?
By
snowsilence
3m
24 Questions
478 Plays
478 Plays
478 Plays
Comments
Comments
Give Quiz Kudos
Give Quiz Kudos
-
- Ratings
hide this ad
Replay
Link that replays current quiz
Next Quiz
Link to next quiz in quiz playlist
You Got
0%
They Got
Avg Score
86%
Avg Friend Score
Upgrade to see
Score Distribution
Jump to the score distribution portion of the page
Score
0/24
Timer
03:00
0
Plays Today
Form of Governement
% Correct
City
Woodbury
94.4%
Township
Deptford
93.9%
Borough
Glassboro
93.7%
Township
Washington
92.5%
Township
West Deptford
92.5%
Borough
Paulsboro
91.4%
Township
Monroe
90.8%
Township
Franklin
90.6%
Borough
Swedesboro
90.4%
Borough
Pitman
89.1%
Borough
Woodbury Heights
88.1%
Borough
Clayton
87.7%
Form of Governement
% Correct
Township
Mantua
86%
Township
Harrison
84.3%
Township
Greenwich
84.1%
Township
Woolwich
84.1%
Borough
National Park
83.9%
Township
Elk
82.8%
Township
South Harrison
82.6%
Township
Logan
82%
Township
East Greenwich
81.2%
Borough
Wenonah
80.5%
Borough
Newfield
78.9%
Borough
Westville
78.7%
Quiz Playlist
Details
Report
Send in Message
Add To Playlist
Classic:
Type in answers that appear in a list
Last Updated: Feb 16, 2017
Quiz Scoreboard
CHALLENGE
Sign Up to Join the Scoreboard
Show All
Scores
Hide
Comments
May contain spoilers
Recently Published
Two Season TV Shows II
by 123Four
Television
10m
Image Sorting: Flags VI
by Barbecue
Geography
2m
Find the 'City' Movie
by crazypaving
Movies
60s
More to Explore
Quiz From the Vault
Featured Blog Post
14 Easter Pick-up Lines to Find Eggs With
hide this ad
You Might Also Like...
Tags
counties
New Jersey
NJ Municipalities
NJ State
Today's Top Quizzes in Geography
Browse Geography
hide this ad
Top Contributed Quizzes in Geography
1
Colored Red Europe Blitz I
2
Countries of the World - No Outlines Minefield
3
Colored Red Africa Blitz II
4
Colored Red Europe Blitz II
5
Colored Red Europe Blitz III
6
Colored Red Africa Blitz III
7
Colored Red States Blitz I
8
Colored Red States Blitz II
9
A Different View: World Oceans
10
Colored Red States Blitz III
Explore More
Trending Topics
Crossword
Disney
Kpop
Marvel
Harry Potter
Anime
NBA
Country
WWE
Soccer
The Office
Song
NFL
Pokémon
Puzzle
hide this ad
More By:
snowsilence
Quiz
Plays
Rating
Category
Featured
Created
Municipalities of NJ: Morris County
763
3.67
Geography
Aug 3, 2010
Municipalities of NJ: Middlesex County
754
4.71
Geography
Aug 3, 2010
Municipalities of NJ: Monmouth County
598
4.33
Geography
Aug 3, 2010
Municipalities of NJ: Union County
540
5.00
Geography
Sep 1, 2010
Municipalities of NJ: Essex County
533
5.00
Geography
Jul 23, 2010
Go to Creator's Profile
Score Distribution
Quiz Creator Spotlight
snowsilence
Follow
Send a Message
Quizzes Created
-
Created Quiz Play Count
-
More By This Creator
Popular Quizzes Today
1
Find the US States - No Outlines Minefield
2
Colored Red Africa Blitz
3
Find the 'City' Movie
4
5x2 Blitz: Bands
5
The Countries of the World
6
Find the Countries of Europe - No Outlines Minefield
7
Find the US States
8
US States
More Geography Quizzes
Sporcle-fied Flags
Published
Trending Quizzes
Colored Red Europe Blitz I
Colored Red Africa Blitz II
Colored Red Europe Blitz II
Colored Red Africa Blitz III
Even More Two Season TV Shows
Recently Updated
March Madness Men's Triple Doubles
pecheneg
How Do You Spell That?
pecheneg
Godzilla Movies
pecheneg
Grab Bag: 4-10 Letters
pecheneg
2024 March Madness Bracket
pecheneg
Famous TV Couples
Peacemaker
Champions League XIs: Real Madrid
pecheneg
Largest US Cities 1790-2010
pecheneg
Rides in Walt Disney World
pecheneg
Most Oscar Losses (Acting)
pecheneg
Trending Topics
NBA
Kpop
Anime
Crossword
Harry Potter
Marvel
Disney
Soccer
Puzzle
The Office
NFL
WWE
Country
Song
Pokémon
Your Account Isn't Verified!
In order to create a playlist on Sporcle, you need to verify the email address you used during registration. Go to your
Sporcle Settings
to finish the process.
Report this User
Report this user for behavior that violates our
Community Guidelines
.
Details:
Send Report
Go to the Sporcle.com Mobile Site →
Comments